Culture Générale - Série 08 - Statistiques

Statistiques générales
  • Ce quiz a été pris 6 939 fois
  • Le résultat moyen est 5 sur 10
Statistiques - réponses
Question Réponse % Correct
Quel est le symbole chimique de l'or ? Au
86%
Comment s'appelaient les monstres mythiques grecs, mi-hommes, mi-chevaux ? Centaures
86%
En 1979, le Shah perd le pouvoir et une république islamique voit le jour. Dans quel pays sommes nous ? Iran
82%
Sous quel nom connait-on mieux le footballeur brésilien Luis Nazario de Lima ? Ronaldo
62%
De quel pays est originaire l'instrument de musique "sitar" ? Inde
42%
Dans quel état américain peut-on admirer le célèbre mont Rushmore (où sont sculptés 4 présidents américains)? Dakota du sud
27%
Où peut-on trouver des Wapitis ? Canada
26%
Quel poète a écrit "Le pont Mirabeau" ? Apollinaire
25%
Quelle est la capitale de la Papouasie-Nouvelle-Guinée ? Port Moresby
23%
Qui a dit : « J'y suis j'y reste ! » ? Mac Mahon
7%
Aucun quiz correspondant
Distribution des résultats
% des personnes avec chaque résultat
Percentile par nombre de réponses
Votre historique - résultats
Vous n’avez pas pris ce quiz